Future Of Progress : Reflections On Environment And Development (Record no. 670757)

MARC details
000 -LEADER
fixed length control field 00407nam a2200145Ia 4500
008 - FIXED-LENGTH DATA ELEMENTS--GENERAL INFORMATION
fixed length control field 230717s9999 xx 000 0 und d
020 ## - INTERNATIONAL STANDARD BOOK NUMBER
International Standard Book Number 81-85019-43-6
041 ## - LANGUAGE CODE
Language code of text/sound track or separate title eng
082 ## - DEWEY DECIMAL CLASSIFICATION NUMBER
Classification number 338.9
Item number SHI
100 ## - MAIN ENTRY--PERSONAL NAME
Personal name Shiva V
245 ## - TITLE STATEMENT
Title Future Of Progress : Reflections On Environment And Development
260 ## - PUBLICATION, DISTRIBUTION, ETC.
Place of publication, distribution, etc. Dehradun
Name of publisher, distributor, etc. Natraj Publishers
Date of publication, distribution, etc. 1994
700 ## - ADDED ENTRY--PERSONAL NAME
Personal name Goldsmith E.
700 ## - ADDED ENTRY--PERSONAL NAME
Personal name Norberg-hodge H.
Holdings
Withdrawn status Lost status Damaged status Not for loan Collection Home library Current library Shelving location Date acquired Cost, normal purchase price Total Checkouts Full call number Barcode Date last seen Price effective from Koha item type
Withdrawn       NLP LL.B New Law College, Pune New Law College, Pune NLP-Rack No-57 31/03/1998 295.00   338.9 SHI NLP-N03510 17/07/2023 17/07/2023 Book